[Event "Dubna"]
[Site "Dubna"]
[Date "1976.??.??"]
[Round "?"]
[White "Kostro, Jerzy"]
[Black "Barczay, Laszlo"]
[Result "0-1"]
[WhiteElo "2400"]
[BlackElo "2485"]
[PlyCount "62"]
[EventDate "1976.??.??"]
[Source "www.chesslib.no"]
[SourceDate "2004.05.04"]

1. e4 c5 2. Nf3 d6 3. d4 cxd4 4. Nxd4 Nf6 5. Nc3 Nc6 6. Bg5 e6 7. Qd2 a6 8. O-O-O Bd7 9. f4 Be7 10. Qe1 Qc7 11. Nf3 h6 12. Bh4 O-O-O 13. Kb1 Rhe8 14. Bd3 Kb8 15. h3 Bc8 16. Qe3 d5 17. e5 d4 18. Nxd4 Rxd4 19. exf6 gxf6 20. Ne2 Rd5 21. Be4 Rb5 22. Nc3 Rb4 23. Bf3 Rd8 24. Rxd8 Qxd8 25. Bxc6 bxc6 26. Rd1 Qa5 27. Ne4 Qh5 28. Qf3 Qxh4 29. a3 Rb7 30. Nf2 f5 31. Nd3 Bd6 0-1

[Event "Cappelle Open"]
[Site "Cappelle la Grande FRA"]
[Date "1995.??.??"]
[Round "2"]
[White "Stefansson, Hannes H"]
[Black "Mandel, Andreas"]
[Result "1-0"]
[WhiteElo "2530"]
[BlackElo "2355"]
[PlyCount "97"]
[EventDate "1995.03.??"]
[Source "www.chesslib.no"]
[SourceDate "2004.05.04"]

1. e4 c5 2. Nf3 d6 3. d4 cxd4 4. Nxd4 Nf6 5. Nc3 Nc6 6. Bg5 e6 7. Qd2 a6 8. O-O-O Bd7 9. f4 Be7 10. Nf3 b5 11. Bd3 h6 12. Bh4 g5 13. fxg5 Ng4 14. Qf4 Nce5 15. Kb1 Nxf3 16. Qxf3 Ne5 17. Qh5 Ng6 18. Bg3 hxg5 19. Qf3 Ne5 20. Qf2 Qc7 21. Rdf1 Rh7 22. Nd1 Qa7 23. Qe2 Qc5 24. Ne3 O-O-O 25. Ng4 Kb8 26. Nf6 Rhh8 27. Bf2 Qc7 28. Bd4 Rdf8 29. Nxd7+ Qxd7 30. a4 Nxd3 31. Qxd3 f6 32. Rf3 g4 33. Rg3 Rh5 34. Qe2 Rc8 35. Rxg4 Rg5 36. Rxg5 fxg5 37. axb5 axb5 38. Rd1 Qc6 39. Rd3 Qc4 40. Qd2 Rg8 41. Qe1 b4 42. Bf2 Rc8 43. Qd2 Bf6 44. Rxd6 Qf1+ 45. Be1 Bc3 46. bxc3 bxc3 47. Rb6+ Ka7 48. Qe3 Ka8 49. e5 1-0

[Event "Los Angeles"]
[Site "Los Angeles, CA USA"]
[Date "1974.??.??"]
[Round "6"]
[White "Mednis, Edmar J"]
[Black "Saidy, Anthony F"]
[Result "1/2-1/2"]
[WhiteElo "2455"]
[BlackElo "2430"]
[PlyCount "81"]
[EventDate "1974.??.??"]
[Source "www.chesslib.no"]
[SourceDate "2004.05.04"]

1. e4 c5 2. Nf3 Nc6 3. d4 cxd4 4. Nxd4 Nf6 5. Nc3 d6 6. Bg5 e6 7. Qd2 a6 8. O-O-O Bd7 9. f4 Be7 10. Be2 Nxd4 11. Qxd4 Bc6 12. Bf3 O-O 13. e5 dxe5 14. Qxe5 Qb6 15. Qe2 Bb5 16. Qe1 Rfc8 17. f5 Bc4 18. g4 Qc7 19. Kb1 Bb4 20. Bd2 Bf8 21. g5 Nd5 22. Be4 Nxc3+ 23. Bxc3 exf5 24. Bxf5 Rd8 25. Qh4 g6 26. Be4 Bg7 27. Bxg7 Kxg7 28. b3 Be6 29. Qf2 Qe7 30. a4 Kg8 31. Qf3 Rxd1+ 32. Rxd1 Rb8 33. Qf4 Re8 34. Bd3 Rd8 35. Re1 Qd6 36. Qf3 Qb4 37. Re4 Qc3 38. Re3 Qd4 39. Re4 Qg1+ 40. Kb2 Bf5 41. Re3 1/2-1/2

[Event "Royan Open"]
[Site "Royan"]
[Date "1989.??.??"]
[Round "4"]
[White "Gallagher, Joseph G"]
[Black "Cabrilo, Goran"]
[Result "1-0"]
[WhiteElo "2405"]
[BlackElo "2480"]
[PlyCount "51"]
[EventDate "1989.06.??"]
[Source "www.chesslib.no"]
[SourceDate "2004.05.04"]

1. e4 c5 2. Nf3 d6 3. d4 cxd4 4. Nxd4 Nf6 5. Nc3 Nc6 6. Bg5 e6 7. Qd2 a6 8. O-O-O Bd7 9. f4 Be7 10. Nf3 b5 11. a3 b4 12. axb4 Nxb4 13. Bc4 Qc7 14. Qe2 Rc8 15. Bb3 O-O 16. e5 dxe5 17. fxe5 Nfd5 18. Bxe7 Nxe7 19. Ng5 a5 20. Rhf1 a4 21. Qe4 Ng6 22. Rxd7 Qxd7 23. Rxf7 axb3 24. Rxd7 Rf1+ 25. Rd1 Na2+ 26. Nxa2 1-0

[Event "Roskilde"]
[Site "Roskilde"]
[Date "1978.??.??"]
[Round "4"]
[White "Westerinen, Heikki MJ"]
[Black "Schneider, Lars Ake"]
[Result "1/2-1/2"]
[WhiteElo "2450"]
[BlackElo "2430"]
[PlyCount "80"]
[EventDate "1978.02.??"]
[Source "ChessBase"]

1. e4 c5 2. Nf3 Nc6 3. d4 cxd4 4. Nxd4 Nf6 5. Nc3 d6 6. Bg5 e6 7. Qd2 a6 8. O-O-O Bd7 9. f4 Be7 10. Qe1 Qc7 11. Nf3 h6 12. Bh4 Rc8 13. Kb1 b5 14. e5 dxe5 15. fxe5 Nd5 16. Nxd5 exd5 17. Bxe7 Nxe7 18. Bd3 Bf5 19. Bxf5 Nxf5 20. Qf2 Qc5 21. Qxc5 Rxc5 22. Rhe1 O-O 23. e6 fxe6 24. Rxe6 d4 25. Rxa6 Ne3 26. Rc1 d3 27. cxd3 Rd5 28. d4 Nxg2 29. Ra3 Rh5 30. Rb3 Rf4 31. Rg1 Nh4 32. Nxh4 Rfxh4 33. Rd1 Rxh2 34. d5 Rh1 35. Rxh1 Rxh1+ 36. Kc2 Rh2+ 37. Kd1 g5 38. Rxb5 g4 39. d6 Kf7 40. Rb7+ Ke6 1/2-1/2

[Event "Troll Masters"]
[Site "Gausdal NOR"]
[Date "1991.??.??"]
[Round "2"]
[White "Cladouras, Panagiotis"]
[Black "Ivanov, Alexander"]
[Result "0-1"]
[WhiteElo "2355"]
[BlackElo "2525"]
[PlyCount "58"]
[EventDate "1991.01.??"]
[Source "www.chesslib.no"]
[SourceDate "2004.05.04"]

1. e4 c5 2. Nf3 d6 3. d4 cxd4 4. Nxd4 Nf6 5. Nc3 Nc6 6. Bg5 e6 7. Qd2 a6 8. O-O-O Bd7 9. f4 Be7 10. Be2 O-O 11. Bf3 h6 12. Bh4 Nxe4 13. Nxe4 Bxh4 14. Nxd6 Qc7 15. Nb3 Rad8 16. g3 Be7 17. Ne4 e5 18. Kb1 Bf5 19. Qc1 a5 20. a4 Nb4 21. g4 Bd7 22. Nc3 exf4 23. Nd4 Bf6 24. Ndb5 Bxb5 25. Nxb5 Qc4 26. b3 Qc5 27. Rxd8 Rxd8 28. Rd1 Rc8 29. c3 Qf2 0-1

[Event "Alushta Kaissa I"]
[Site "Alushta"]
[Date "2002.09.05"]
[Round "7"]
[White "Konstantinov, Alexandr"]
[Black "Kalygin, Sergey V"]
[Result "1-0"]
[WhiteElo "2410"]
[BlackElo "2468"]
[PlyCount "85"]
[EventDate "2002.09.01"]
[Source "ChessBase"]
[SourceDate "2002.11.06"]

1. e4 c5 2. Nf3 Nc6 3. d4 cxd4 4. Nxd4 Nf6 5. Nc3 d6 6. Bg5 e6 7. Qd2 a6 8. O-O-O Be7 9. f4 Bd7 10. Be2 h6 11. Bxf6 gxf6 12. Bh5 b5 13. f5 b4 14. Nce2 e5 15. Nxc6 Bxc6 16. Qxb4 d5 17. Qc3 Qd7 18. exd5 Bxd5 19. Rd3 Qc6 20. Rhd1 Qxc3 21. Rxc3 Bxg2 22. Rc7 Rd8 23. Ra7 Rg8 24. Ng3 Rxd1+ 25. Kxd1 Bd5 26. Rxa6 Kf8 27. a4 Rg5 28. Kd2 Bc5 29. b3 Bf2 30. c4 Bxg3 31. hxg3 Rxh5 32. cxd5 Rxf5 33. d6 Ke8 34. Ke2 Rg5 35. b4 Rxg3 36. b5 Rg2+ 37. Ke3 Rb2 38. Ra7 h5 39. a5 h4 40. Re7+ Kd8 41. a6 Rxb5 42. a7 Ra5 43. Rxf7 1-0

[Event "It \\"]
[Site "?"]
[Date "2005.08.08"]
[Round "8"]
[White "Thinius Marco"]
[Black "Laznicka Viktor"]
[Result "1-0"]
[WhiteElo "2354"]
[BlackElo "2517"]
[PlyCount "115"]
[EventDate "2005.??.??"]
[Source "www.chesslib.no"]
[SourceDate "2004.05.04"]

1. e4 c5 2. Nf3 d6 3. d4 cxd4 4. Nxd4 Nf6 5. Nc3 Nc6 6. Bg5 e6 7. Qd2 a6 8. O-O-O Bd7 9. f4 Be7 10. Nf3 h6 11. Bh4 Qc7 12. Kb1 Rd8 13. h3 b5 14. Bd3 Bc8 15. Qe3 Nb4 16. Qf2 Bb7 17. Rhe1 Qc5 18. Qd2 Nd7 19. Bf2 Qc8 20. Nd4 Nc5 21. g4 g5 22. fxg5 hxg5 23. Bf1 Nc6 24. Nxc6 Qxc6 25. Qd4 Rg8 26. Bg3 Rd7 27. Rd2 Kd8 28. b4 e5 29. Qf2 Ne6 30. Nd5 Ke8 31. h4 Nf4 32. Bxf4 gxf4 33. g5 Rd8 34. Red1 Bc8 35. Rc1 Be6 36. c4 Bxd5 37. cxd5 Qd7 38. Rc3 Qg4 39. Be2 f3 40. Bxf3 Qf4 41. Bg2 Rh8 42. Qxf4 exf4 43. Rh3 Bf8 44. Rf2 Bg7 45. Rxf4 Rc8 46. Rf2 Rc4 47. a3 Ke7 48. Rc2 Rhc8 49. Rxc4 Rxc4 50. h5 Be5 51. h6 Bh8 52. h7 Kf8 53. Rh6 Rc3 54. Rxd6 Rg3 55. Rd8+ Kg7 56. d6 Kxh7 57. d7 Rd3 58. Bh3 1-0

[Event "BL2-W 9091"]
[Site "GER"]
[Date "1991.??.??"]
[Round "?"]
[White "Gawehns, Klaus"]
[Black "King, Daniel J"]
[Result "1/2-1/2"]
[WhiteElo "2325"]
[BlackElo "2545"]
[PlyCount "80"]
[EventDate "1990.10.??"]
[Source "www.chesslib.no"]
[SourceDate "2004.05.04"]

1. e4 c5 2. Nf3 d6 3. d4 cxd4 4. Nxd4 Nf6 5. Nc3 a6 6. Bg5 Nc6 7. Qd2 e6 8. O-O-O Bd7 9. f4 Be7 10. Be2 b5 11. Bf3 Rc8 12. Rhe1 Nxd4 13. Qxd4 Qc7 14. e5 dxe5 15. fxe5 Nd5 16. Bxe7 Nxe7 17. Rd2 Nf5 18. Qf2 O-O 19. Ne4 Bc6 20. Nd6 Nxd6 21. exd6 Qd7 22. h4 Bxf3 23. Qxf3 Rc5 24. g4 Qc6 25. Rf1 Qxf3 26. Rxf3 Rd8 27. b3 Rc6 28. Rfd3 f6 29. d7 Kf7 30. Rd6 Rxd6 31. Rxd6 f5 32. gxf5 exf5 33. Kd2 Ke7 34. Rxa6 Rxd7+ 35. Ke3 Rc7 36. Kf4 g6 37. h5 Rxc2 38. hxg6 hxg6 39. Rxg6 Rxa2 40. Rb6 Kd7 1/2-1/2

[Event "JUG-chT"]
[Site "Herceg Novi"]
[Date "2001.05.??"]
[Round "2"]
[White "Radovanovic, Dusan"]
[Black "Popovic, Petar"]
[Result "1/2-1/2"]
[WhiteElo "2344"]
[BlackElo "2518"]
[PlyCount "24"]
[EventDate "2001.05.??"]
[Source "ChessBase"]
[SourceDate "2001.07.03"]

1. e4 c5 2. Nf3 d6 3. d4 cxd4 4. Nxd4 Nf6 5. Nc3 Nc6 6. Bg5 e6 7. Qd2 a6 8. O-O-O Bd7 9. f4 Be7 10. Be2 Qc7 11. Bf3 O-O-O 12. Nb3 Be8 1/2-1/2

[Event "AUT-chT 9798"]
[Site "Austria"]
[Date "1997.11.09"]
[Round "5"]
[White "Volkmann, Friedrich Karl"]
[Black "Stanec, Nikolaus"]
[Result "1-0"]
[WhiteElo "2395"]
[BlackElo "2465"]
[PlyCount "71"]
[EventDate "1997.??.??"]
[Source "ChessBase"]
[SourceDate "1998.04.29"]

1. e4 c5 2. Nf3 Nc6 3. d4 cxd4 4. Nxd4 Nf6 5. Nc3 d6 6. Bg5 e6 7. Qd2 a6 8. O-O-O Be7 9. f4 Bd7 10. Nf3 b5 11. e5 b4 12. exf6 bxc3 13. Qxc3 gxf6 14. f5 d5 15. fxe6 fxe6 16. Kb1 Rb8 17. Bh4 O-O 18. Nd4 Ne5 19. Bxa6 Qb6 20. Be2 Rfc8 21. Qb3 Qa7 22. Qg3+ Ng6 23. Bh5 Qb6 24. b3 Bd6 25. Qf2 f5 26. Bxg6 hxg6 27. Bf6 Kf7 28. Qh4 Qc5 29. g4 Be7 30. Bxe7 Qxe7 31. Qh7+ Ke8 32. Qxg6+ Kd8 33. gxf5 e5 34. Ne6+ Bxe6 35. fxe6 d4 36. Rhf1 1-0

[Event "Ribe 6 Nations tt"]
[Site "Ribe DEN"]
[Date "1973.08.06"]
[Round "2.3"]
[White "Ornstein, Axel O"]
[Black "Kunsztowicz, Uwe"]
[Result "1-0"]
[WhiteElo "2420"]
[BlackElo "2440"]
[PlyCount "101"]
[EventDate "1973.??.??"]
[Source "www.chesslib.no"]
[SourceDate "2004.05.04"]

1. e4 c5 2. Nf3 Nc6 3. d4 cxd4 4. Nxd4 Nf6 5. Nc3 d6 6. Bg5 e6 7. Qd2 a6 8. O-O-O Bd7 9. f4 Be7 10. Nf3 b5 11. Bd3 b4 12. Ne2 Qb6 13. e5 dxe5 14. fxe5 Nd5 15. Be4 Bc5 16. Bxd5 exd5 17. Qxd5 Be6 18. Qe4 O-O 19. Kb1 a5 20. Rd3 a4 21. Be3 Bxe3 22. Qxe3 Qxe3 23. Rxe3 b3 24. cxb3 axb3 25. a3 Rfd8 26. Rc1 Na5 27. Ned4 Bd5 28. Nd2 Bxg2 29. N2xb3 h5 30. Nxa5 Rxa5 31. Nc6 Bxc6 32. Rxc6 Rb5 33. b4 Re8 34. Kb2 f5 35. a4 Rd5 36. Kb3 Rd4 37. b5 Ra8 38. Rc4 Rxc4 39. Kxc4 Rxa4+ 40. Kc5 f4 41. Re1 g5 42. b6 Ra2 43. Rb1 Ra8 44. b7 Rb8 45. Kc6 Kf7 46. Kd7 g4 47. e6+ Kf6 48. e7 Kf7 49. Rb5 f3 50. Rf5+ Kg7 51. e8=Q 1-0

[Event "Montecatini Terme Open"]
[Site "Montecatini Terme ITA"]
[Date "1995.??.??"]
[Round "?"]
[White "Tiviakov, Sergei"]
[Black "Barletta, Mauro"]
[Result "1-0"]
[WhiteElo "2625"]
[BlackElo "2230"]
[PlyCount "121"]
[EventDate "1995.07.??"]
[Source "www.chesslib.no"]
[SourceDate "2004.05.04"]

1. e4 c5 2. Nf3 d6 3. d4 cxd4 4. Nxd4 Nf6 5. Nc3 Nc6 6. Bg5 e6 7. Qd2 a6 8. O-O-O Bd7 9. f4 Be7 10. Nf3 b5 11. Bd3 b4 12. Ne2 Qc7 13. Kb1 a5 14. Bxf6 gxf6 15. f5 e5 16. Bc4 a4 17. Bd5 Rb8 18. Rc1 Na5 19. c4 h5 20. Qe1 Qa7 21. Ng3 Bf8 22. Qe2 Nb3 23. Rcd1 h4 24. Nf1 Bh6 25. Nxh4 Nd4 26. Qf2 b3 27. a3 Qc7 28. Nf3 Nc2 29. Rd3 Bb5 30. Rc3 Rc8 31. Ng3 Qa5 32. Ne2 Bc6 33. Rd1 Ke7 34. Ne1 Be3 35. Rxe3 Nxe3 36. Qxe3 Bxd5 37. cxd5 Rxh2 38. Nc3 Rc4 39. Qe2 Qc7 40. Nf3 Rh8 41. Rc1 Rc8 42. Qe3 Qc5 43. Qxc5 R8xc5 44. Re1 Rc8 45. Re2 Kd7 46. Kc1 Rd4 47. Re3 Rg8 48. Ne1 Rg4 49. Rd3 Rc4 50. Kd2 Rf4 51. Rf3 Rg4 52. Rh3 Rd4+ 53. Rd3 Rc4 54. Ke2 Kc7 55. Rh3 Rg8 56. Kf2 Kb6 57. Nf3 Ka5 58. Nd2 Rd4 59. Ke3 Rxg2 60. Ne2 Kb5 61. Rh8 1-0

[Event "SWE Ch"]
[Site "Goteborg SWE"]
[Date "1990.??.??"]
[Round "?"]
[White "Ernst, Thomas"]
[Black "Schneider, Lars-Ake"]
[Result "1/2-1/2"]
[WhiteElo "2440"]
[BlackElo "2415"]
[PlyCount "122"]
[EventDate "1990.??.??"]
[Source "www.chesslib.no"]
[SourceDate "2004.05.04"]

1. e4 c5 2. Nf3 Nc6 3. d4 cxd4 4. Nxd4 Nf6 5. Nc3 d6 6. Bg5 e6 7. Qd2 a6 8. O-O-O Bd7 9. f4 Be7 10. Nf3 b5 11. e5 b4 12. exf6 bxc3 13. Qxc3 gxf6 14. Bh4 d5 15. Kb1 Nb4 16. Nd4 Qa5 17. a3 Nc6 18. Qg3 Nxd4 19. Rxd4 Rb8 20. Rd3 Kf8 21. Be2 Rg8 22. Qf3 Ba4 23. Bf2 Rc8 24. Rc1 Bb5 25. Be1 Qa4 26. Rb3 Bxe2 27. Qxe2 Qc4 28. Qf3 Qe4 29. Qxe4 dxe4 30. g3 Bc5 31. Bc3 Kg7 32. Re1 e3 33. Rb7 Rb8 34. Rxb8 Rxb8 35. b4 a5 36. Kc1 axb4 37. axb4 Bxb4 38. Bxb4 Rxb4 39. Rxe3 Kg6 40. c3 Ra4 41. Kb2 Kf5 42. Kb3 Ra8 43. c4 Rb8+ 44. Kc3 Rc8 45. Re1 h5 46. Kb4 h4 47. c5 hxg3 48. hxg3 e5 49. Rf1 Ke6 50. Kb5 Rg8 51. f5+ Kd5 52. Rd1+ Ke4 53. c6 Rxg3 54. Rc1 Rg8 55. Rf1 Rg2 56. c7 Rb2+ 57. Kc6 Rc2+ 58. Kd7 Rd2+ 59. Ke7 Rc2 60. Kd8 Rd2+ 61. Kc8 Rc2 1/2-1/2

[Event "Badenweiler Open"]
[Site "Badenweiler"]
[Date "1990.??.??"]
[Round "2"]
[White "Schmidt, Wolfgang 1"]
[Black "Tischbierek, Raj"]
[Result "0-1"]
[WhiteElo "2355"]
[BlackElo "2495"]
[PlyCount "42"]
[EventDate "1990.10.??"]
[Source "www.chesslib.no"]
[SourceDate "2004.05.04"]

1. e4 c5 2. Nf3 d6 3. d4 cxd4 4. Nxd4 Nf6 5. Nc3 Nc6 6. Bg5 e6 7. Qd2 a6 8. O-O-O Bd7 9. f4 Be7 10. Kb1 Qc7 11. f5 Ne5 12. g3 b5 13. Bxf6 Bxf6 14. Bh3 Nc4 15. Qd3 Qc5 16. fxe6 fxe6 17. Bxe6 Bxe6 18. Nxe6 Qb4 19. b3 Qa3 20. bxc4 Bxc3 21. Nc7+ Kd7 0-1

[Event "Pyramiden Franken Cup 5th"]
[Site "Fuerth"]
[Date "2002.09.08"]
[Round "9"]
[White "Handke, Florian"]
[Black "Jens, Jelmer"]
[Result "1-0"]
[WhiteElo "2471"]
[BlackElo "2369"]
[PlyCount "49"]
[EventDate "2002.08.31"]
[Source "ChessBase"]
[SourceDate "2002.11.06"]

1. e4 c5 2. Nf3 d6 3. d4 cxd4 4. Nxd4 Nf6 5. Nc3 Nc6 6. Bg5 e6 7. Qd2 a6 8. O-O-O Bd7 9. f4 Be7 10. Nf3 b5 11. a3 Qa5 12. Kb1 b4 13. axb4 Qxb4 14. e5 Rb8 15. b3 Na5 16. Nd4 Ba4 17. Nxa4 Qxa4 18. exf6 gxf6 19. Bh6 Kd7 20. Kb2 d5 21. Ra1 Nc4+ 22. Bxc4 Qxc4 23. f5 e5 24. Ne2 Rhg8 25. g3 1-0

[Event "Santos Mario Covas 1st"]
[Site "Santos"]
[Date "2001.01.18"]
[Round "9"]
[White "Pelikian, Jefferson"]
[Black "Matsuura, Everaldo"]
[Result "1-0"]
[WhiteElo "2387"]
[BlackElo "2452"]
[PlyCount "209"]
[EventDate "2001.01.29"]
[Source "ChessBase"]
[SourceDate "2001.05.17"]

1. e4 c5 2. Nf3 Nc6 3. d4 cxd4 4. Nxd4 Nf6 5. Nc3 d6 6. Bg5 e6 7. Qd2 Bd7 8. O-O-O a6 9. f4 Be7 10. Nf3 b5 11. a3 b4 12. axb4 Nxb4 13. Bc4 Qa5 14. Kb1 O-O 15. Bb3 Bc6 16. Rhe1 Rfc8 17. Nd4 Bb7 18. Na2 d5 19. Bxf6 gxf6 20. exd5 Bxd5 21. Bxd5 exd5 22. Nc1 Bd6 23. c3 Rab8 24. Nf5 Bf8 25. cxb4 Bxb4 26. Qe3 Bxe1 27. Rxe1 Kh8 28. Re2 d4 29. Nxd4 Rc3 30. Qd2 Qc5 31. Re8+ Rxe8 32. Qxc3 Qe7 33. Ka2 Qe4 34. g3 Qd5+ 35. Ncb3 a5 36. Qc6 Qxc6 37. Nxc6 a4 38. Nbd4 Re3 39. Nf5 Re2 40. h4 h5 41. Nce7 Kh7 42. Ka3 Rc2 43. b4 axb3 44. Kxb3 Rd2 45. Kc3 Rd1 46. Kc4 Rd2 47. Nd4 Rg2 48. Nef5 Rg1 49. Kd3 Re1 50. Ne3 Rg1 51. Ndf5 Ra1 52. Ke4 Kg6 53. Ne7+ Kg7 54. N7d5 Ra5 55. f5 Ra4+ 56. Kf3 Ra3 57. Nf4 Kh6 58. Kf2 Ra2+ 59. Kg1 Ra3 60. Nfd5 Kg7 61. Kg2 Ra2+ 62. Kh3 Ra3 63. Ng2 Ra6 64. Ngf4 Kh6 65. Ne3 Ra3 66. Nfd5 Kg7 67. g4 hxg4+ 68. Kxg4 Ra4+ 69. Nf4 Ra6 70. Kf3 Rb6 71. Nh5+ Kf8 72. Nd5 Rb3+ 73. Kg4 Rb1 74. Ndxf6 Rg1+ 75. Kf4 Rf1+ 76. Kg5 Rg1+ 77. Ng4 Rf1 78. Nf4 Kg7 79. h5 Rg1 80. h6+ Kh7 81. Nh5 Rg2 82. Kf4 Rg1 83. Nhf6+ Kh8 84. Ne4 Rf1+ 85. Kg5 Rg1 86. f6 Kg8 87. Nd6 Rh1 88. Nf5 Rg1 89. Kf4 Rf1+ 90. Ke4 Re1+ 91. Kf4 Rf1+ 92. Kg5 Rg1 93. Nd4 Rd1 94. Nf3 Rf1 95. Nfe5 Rh1 96. Kf4 Rf1+ 97. Ke4 Re1+ 98. Kf4 Rf1+ 99. Ke3 Re1+ 100. Kf2 Rh1 101. Kg2 Re1 102. Nf3 Ra1 103. Ng5 Ra5 104. Ne5 Rxe5 105. h7+ 1-0

[Event "Nis"]
[Site "Nis YUG"]
[Date "1979.11.03"]
[Round "4"]
[White "Jansa, Vlastimil"]
[Black "Pavlovic, Dejan"]
[Result "0-1"]
[WhiteElo "2495"]
[BlackElo "2340"]
[PlyCount "82"]
[EventDate "1979.11.??"]
[Source "www.chesslib.no"]
[SourceDate "2004.05.04"]

1. e4 c5 2. Nf3 Nc6 3. d4 cxd4 4. Nxd4 Nf6 5. Nc3 d6 6. Bg5 e6 7. Qd2 a6 8. O-O-O Bd7 9. f4 Be7 10. Be2 O-O 11. Nf3 Qa5 12. e5 dxe5 13. Bxf6 Bxf6 14. Qxd7 e4 15. Ne5 Nxe5 16. fxe5 Bxe5 17. Kb1 Rad8 18. Qa4 Bxc3 19. Qxe4 Qb6 20. b3 Qa5 21. a4 b5 22. Rxd8 Rxd8 23. Rd1 Rb8 24. Rd7 Bf6 25. Qf4 Rc8 26. Qd2 b4 27. Qe3 Qf5 28. Bd3 Qh5 29. Bxa6 Rf8 30. h3 g6 31. g4 Qa5 32. Bc4 Rd8 33. Rxd8+ Qxd8 34. Be2 Bg5 35. Qd3 Qc7 36. Bf3 Qg3 37. Qe2 Bf6 38. a5 Qg1+ 39. Qd1 Qc5 40. Qd3 Qxa5 41. Kc1 Bc3 0-1

[Event "Open"]
[Site "Metz FRA"]
[Date "2007.04.20"]
[Round "7"]
[White "Guliyev, N."]
[Black "Schweitzer, V."]
[Result "1-0"]
[WhiteElo "2590"]
[BlackElo "2243"]
[PlyCount "67"]
[EventDate "2007.04.14"]
[Source "www.chesslib.no"]
[SourceDate "2004.05.04"]

1. e4 c5 2. Nf3 Nc6 3. Nc3 d6 4. d4 cxd4 5. Nxd4 Nf6 6. Bg5 e6 7. Qd2 Be7 8. O-O-O a6 9. f4 Bd7 10. Be2 h6 11. Bh4 Qc7 12. Nb3 b5 13. Bxf6 gxf6 14. Bh5 Na5 15. f5 Nc4 16. Qd3 Ne5 17. Qh3 Kd8 18. Nd4 b4 19. Nce2 exf5 20. exf5 a5 21. Nf4 a4 22. Bxf7 Qa5 23. Bd5 b3 24. Bxa8 bxa2 25. Qa3 Qxa8 26. Qxa2 Qe4 27. g3 Re8 28. Rhe1 Qb7 29. Nde6+ Kc8 30. Re3 Kb8 31. Nd5 Bd8 32. Nxd8 Rxd8 33. Nxf6 Bb5 34. Rxe5 1-0

[Event "Porto San Giorgio op 14th"]
[Site "Porto San Giorgio"]
[Date "2002.08.25"]
[Round "6"]
[White "Mrdja, Milan"]
[Black "Efimov, Igor"]
[Result "1-0"]
[WhiteElo "2370"]
[BlackElo "2463"]
[PlyCount "85"]
[EventDate "2002.08.20"]
[Source "ChessBase"]
[SourceDate "2002.09.11"]

1. e4 c5 2. Nf3 Nc6 3. d4 cxd4 4. Nxd4 Nf6 5. Nc3 d6 6. Bg5 e6 7. Qd2 a6 8. O-O-O Bd7 9. f4 Be7 10. Nf3 b5 11. Kb1 b4 12. Bxf6 Bxf6 13. Ne2 Be7 14. Ned4 Qb6 15. f5 Nxd4 16. Nxd4 e5 17. Nf3 Rc8 18. Nxe5 Ba4 19. Nc4 Qc5 20. f6 gxf6 21. Bd3 Rg8 22. Ne3 Bd7 23. Bxa6 Ra8 24. Bb7 Ra7 25. Bd5 Be6 26. Rhf1 Rg5 27. Qd3 Kf8 28. g3 Bh3 29. Rf4 Bd7 30. Bb3 h5 31. Qd2 Be6 32. Nd5 Kg7 33. Nxb4 Bd8 34. Nd5 Re5 35. Qd3 f5 36. exf5 Bxd5 37. Bxd5 Bf6 38. Bb3 d5 39. Qf3 d4 40. Qxh5 Re3 41. Rg4+ Kf8 42. Qh6+ Ke7 43. Rg8 1-0

[Event "Decin-A"]
[Site "Decin CZE"]
[Date "1976.??.??"]
[Round "13"]
[White "Ornstein, Axel O"]
[Black "Hausner, Ivan"]
[Result "0-1"]
[WhiteElo "2470"]
[BlackElo "2360"]
[PlyCount "68"]
[EventDate "1976.06.??"]
[Source "www.chesslib.no"]
[SourceDate "2004.05.04"]

1. e4 c5 2. Nf3 d6 3. d4 cxd4 4. Nxd4 Nf6 5. Nc3 Nc6 6. Bg5 e6 7. Qd2 a6 8. O-O-O Bd7 9. f4 Be7 10. Nf3 b5 11. Bd3 Rc8 12. e5 b4 13. Ne4 Nxe4 14. Bxe4 d5 15. Bxe7 Qxe7 16. Bd3 Qc5 17. Kb1 a5 18. g4 a4 19. Rhf1 a3 20. b3 Nd4 21. Ba6 Nxf3 22. Rxf3 Rc7 23. f5 g6 24. fxg6 hxg6 25. Rf4 Qc3 26. Qxc3 bxc3 27. Rdf1 Bc6 28. Bd3 g5 29. R4f2 Rh3 30. Bg6 Bb5 31. Rxf7 Bxf1 32. Rxc7+ Kd8 33. Rf7 Bg2 34. Kc1 Re3 0-1

[Event "Kostic mem"]
[Site "?"]
[Date "1979.??.??"]
[Round "4"]
[White "Jansa Vlastimil"]
[Black "Kapelan Milorad"]
[Result "1-0"]
[WhiteElo "2495"]
[BlackElo "2335"]
[PlyCount "85"]
[EventDate "1979.??.??"]
[Source "www.chesslib.no"]
[SourceDate "2004.05.04"]

1. e4 c5 2. Nf3 d6 3. d4 cxd4 4. Nxd4 Nf6 5. Nc3 Nc6 6. Bg5 e6 7. Qd2 a6 8. O-O-O Bd7 9. f4 Be7 10. Be2 O-O 11. Nf3 b5 12. e5 b4 13. exf6 bxc3 14. Qxc3 gxf6 15. Bh6 Kh8 16. Bxf8 Bxf8 17. Ng5 Qe7 18. Ne4 Bg7 19. Qa3 d5 20. Qxe7 Nxe7 21. Nc5 Bb5 22. Bxb5 axb5 23. Kb1 Nf5 24. Rhe1 Nd6 25. Nb3 f5 26. Nd4 Ra4 27. c3 Rc4 28. Nxe6 fxe6 29. Rxe6 Bf8 30. Rxd5 Nf7 31. Rxf5 Kg7 32. Rb6 Rc7 33. Rfxb5 Nd6 34. Rg5+ Kf7 35. g3 Re7 36. Re5 Rc7 37. a3 Nc4 38. Rf5+ Ke7 39. Rb8 Bg7 40. Rfb5 Nd6 41. Rh5 h6 42. Rb4 Ke6 43. a4 1-0

[Event "Wch U20"]
[Site "Gausdal NOR"]
[Date "1986.??.??"]
[Round "4"]
[White "Anand, Viswanathan"]
[Black "Granda Zuniga, Julio E"]
[Result "1/2-1/2"]
[WhiteElo "2405"]
[BlackElo "2420"]
[PlyCount "62"]
[EventDate "1986.08.??"]
[Source "www.chesslib.no"]
[SourceDate "2004.05.04"]

1. e4 c5 2. Nf3 Nc6 3. d4 cxd4 4. Nxd4 Nf6 5. Nc3 d6 6. Bg5 e6 7. Qd2 a6 8. O-O-O Bd7 9. f4 Be7 10. Nf3 b5 11. e5 b4 12. exf6 bxc3 13. Qxc3 gxf6 14. f5 e5 15. Be3 d5 16. Rxd5 Nb4 17. Bc4 Rc8 18. Rxd7 Qxd7 19. Qb3 O-O 20. Bh6 Qxf5 21. Bxf8 Bxf8 22. Kb1 Qe4 23. Bxf7+ Kg7 24. Re1 Qxc2+ 25. Qxc2 Rxc2 26. Be6 Rxg2 27. Rd1 Bc5 28. a3 Nc6 29. b4 Nd4 30. Bd5 Nb5 31. bxc5 Nxa3+ 1/2-1/2

[Event "Alushta3"]
[Site "Alushta"]
[Date "1993.??.??"]
[Round "?"]
[White "Onoprienko, Vladimir"]
[Black "Dragomarezkij, Evgeni"]
[Result "1-0"]
[WhiteElo "2290"]
[BlackElo "2535"]
[PlyCount "93"]
[EventDate "1993.08.??"]
[Source "ChessBase"]

1. e4 c5 2. Nf3 d6 3. Nc3 a6 4. d4 cxd4 5. Nxd4 Nf6 6. Bg5 Nc6 7. Qd2 Bd7 8. O-O-O e6 9. f4 Be7 10. Nf3 b5 11. e5 b4 12. exf6 bxc3 13. Qxc3 gxf6 14. Bh4 Rg8 15. Bd3 f5 16. Bxe7 Nxe7 17. g3 Bc6 18. Rhf1 Bxf3 19. Rxf3 Kf8 20. Bf1 Ra7 21. Qd4 Qa8 22. Rb3 Nc8 23. Rc3 Ke7 24. Bd3 d5 25. Bxf5 exf5 26. Re1+ Kd8 27. Qf6+ Ne7 28. Rce3 Qc6 29. Qd4 Rb7 30. b3 Re8 31. Kb1 h5 32. c4 Qxc4 33. Qf6 Qb5 34. Qxf7 d4 35. Rd1 Qd5 36. Qf6 Rb4 37. Re5 Qd7 38. Rc5 Rg8 39. Qxa6 Ke8 40. Re5 Kf7 41. Qh6 d3 42. Qxh5+ Rg6 43. Rde1 Ng8 44. Re6 Nf6 45. Qxf5 Rd4 46. Re7+ Qxe7 47. Rxe7+ 1-0